000
00211nam a22000857a 4500
008
170216b xxu||||| |||| 00| 0 eng d
100
_9
2894
_a
Jaganathan
245
_a
Moral values-4
260
_a
New Delhi
_b
Rachana
_c
2009
999
_c
6127
_d
6127